000 00325nam a2200145Ia 4500
100 _aKolasa Blair J
650 _aGeneral
942 _cBK
654 _aBusiness
245 _aIntrd. to Behavioral Science For Business
260 _bWILEY EASTERN LIMITED
_c2001
082 _a158.7
300 _a654
546 _aENGLISH
999 _c21310
_d21310